000 01119nam a2200229Ia 4500
003 Ost
005 20260507075450.0
008 260507s9999||||xx |||||||||||||| ||und||
040 _cfsecg
041 _aara
082 _a657.45
100 _aتوماس، وليم
_eمؤلف
245 0 _aالمراجعة بين النظرية و التطبيق :
_bالكتاب الأول /
_c وليم توماس
260 _aالرياض:
_bدار المريخ للنشر,
_c2006
300 _a355 صفحة؛
_bإيضاحات ؛
_c24 سم
520 _aيحتوي الكتاب على المحاور التالية: الإطار النظري للمراجعة الحيادية، تقرير المراجعة، آداب و سلوك مهنة المراجعة، مسؤولية المراجع القانونية، التخطيط و الإشراف على عملية المراجعة، أدلة إثبات المراجعة.
653 _aالحاسبات الالكترونية
653 _aمحاسبة
653 _aمراجعة الحسابات
700 _aامرسون، هنكي
_eمؤلف ثانوي
942 _cكتاب
999 _c44619
_d44619